| 000 | 00654nam a2200229Ia 4500 | ||
|---|---|---|---|
| 005 | 20250508163608.0 | ||
| 008 | 008 250505s9999 xx 000 0 eng d | ||
| 020 | _a0-13-913617-7 | ||
| 037 | _aTextBook | ||
| 040 |
_aFEDL _beng _cFEDL |
||
| 041 |
_aeng _2eng |
||
| 084 |
_a155.4, CRA/R _qFEDL |
||
| 100 |
_aCrain William C _988157 |
||
| 245 | 0 | _aTheories of development: Concepts and applications | |
| 250 | _a2 | ||
| 260 |
_aNew Jersey, USA _bPrentice-Hall _c1985 |
||
| 300 | _axiv,306 p. | ||
| 365 |
_aUSD _b10.95 |
||
| 546 |
_aAcc. No. 086383 is MACESE book. _37.00 |
||
| 942 |
_cTB _h155.4, CRA/R |
||
| 999 |
_c1384266 _d1384266 |
||